Score 0/20 Timer 03:00
1 Play Today
Movie Title Missing Word % Correct
The Greatest Show On _____Earth
97.9%
The Greatest _____ Ever ToldStory
97.1%
The Best Years of Our _____Lives
91.6%
My Best Friend's _____Wedding
87.6%
Best in _____Show
84.7%
The Longest _____Yard
84.3%
_____ DearestMommie
82.8%
The Best Little Whorehouse in _____Texas
79.9%
The Best Exotic Marigold _____Hotel
79.8%
The Longest _____Day
67.1%
Movie Title Missing Word % Correct
The Sweetest _____Thing
55.6%
Enron: The Smartest Guys in the _____Room
43.9%
World's Greatest _____Dad
42.9%
The Most Dangerous _____Game
33.4%
_____ Most LikelyGirl
32.5%
A Most Violent _____Year
31.2%
The World's Greatest _____Lover
28.7%
The Fastest _____ AliveGun
24.3%
The Finest _____Hours
19%
_____ Most WantedMuppets
12.1%

Today's Daily Dose

Missing Word
Lizzo Songs

Get the Picture
The Longest Rivers

Remove Ads.
Support Sporcle.
Get the best of Sporcle when you Go Orange. This ad-free experience offers more features, more stats, and more fun while also helping to support Sporcle. Thank you for becoming a member.

You're not logged in!

Compare scores with friends on all Sporcle quizzes.
OR
Log In

Show Comments

Extras

Top Quizzes Today


Score Distribution

Your Account Isn't Verified!

In order to create a playlist on Sporcle, you need to verify the email address you used during registration. Go to your Sporcle Settings to finish the process.

Report this User

Report this user for behavior that violates our Community Guidelines.

Details: